History Quiz

Random History or Quote Quiz

Who said it? Quiz Stats

 Plays Quiz not verified by Sporcle

Challenge
Share
Tweet
Embed
Score 0/12 Timer 05:00
0 Plays Today
Quote Person % Correct
I have a dream that my four little children will one day live in a nation where they will not be judged by the color of their skin, but by the content of their characterMartin Luther King
92.3%
Float like a butterfly, sting like a beeMuhammad Ali
66.7%
Courage is what it takes to stand up and speak; courage is also what it takes to sit down and listenWInston Churchill
35.9%
A certain degree of neurosis is of inestimable value as a drive, especially to a psychologistSigmund Freud
35.9%
Believe you can and you're halfway thereTheodore Roosevelt
30.8%
Brevity is the soul of witWilliam Shakespeare
30.8%
An ounce of practice is worth more than tons of preachingMohandas Gandhi
28.2%
Being powerful is like being a lady. If you have to tell people you are, you aren'tMargaret Thatcher
28.2%
I never said, 'I want to be alone.' I only said, 'I want to be left alone.' There is all the differenceGreta Garbo
20.5%
The revolution is not an apple that falls when it is ripe. You have to make it fallChe Guevara
15.4%
If the other person injures you, you may forget the injury; but if you injure him you will always rememberKhalil Gibran
12.8%
Love is composed of a single soul inhabiting two bodiesAristotle
10.3%

You're not logged in!

Compare scores with friends on all Sporcle quizzes.
OR
Log In

You Might Also Like...

Show Comments

Extras

Top Quizzes Today


Score Distribution

Your Account Isn't Verified!

In order to create a playlist on Sporcle, you need to verify the email address you used during registration. Go to your Sporcle Settings to finish the process.

Report this User

Report this user for behavior that violates our Community Guidelines.

Details: